[Event "New Delhi Parsvnath op-C 16th"]
[Site "New Delhi"]
[Date "2018.01.16"]
[Round "9"]
[White "Kesavan, G."]
[Black "Sharma Tushar, B."]
[Result "1-0"]
[WhiteElo "1426"]
[BlackElo "1492"]
[PlyCount "102"]
[EventDate "2018.01.09"]
[EventType "swiss"]
[EventRounds "10"]
[EventCountry "IND"]
[SourceTitle "CBM 182 Extra"]
[Source "ChessBase"]
[SourceDate "2018.02.23"]
[SourceVersion "1"]
[SourceVersionDate "2018.02.23"]
[SourceQuality "1"]

1. Nf3 Nf6 2. c4 g6 3. e3 Bg7 4. Be2 0-0 5. 0-0 c5 6. Nc3 b6 7. d4 Bb7 8. d5 d6 9. Qc2 Na6 10. a3 Nc7 11. e4 h6 12. Rd1 Ng4 13. h3 Ne5 14. Nxe5 dxe5 15. Be3 Qd6 16. Qd2 Kh7 17. b4 f5 18. f3 f4 19. Bf2 Rad8 20. Rab1 Bc8 21. bxc5 bxc5 22. Na4 Ne6 23. Qa5 Nd4 24. Bxd4 exd4 25. Qxc5 Qf6 26. Bf1 Qg5 27. Kh1 Qg3 28. Rd3 Qf2 29. Qb4 g5 30. Qd2 Qh4 31. Qe1 Qh5 32. Kg1 Be5 33. Nc5 g4 34. fxg4 Qg5 35. Rf3 d3 36. Nxd3 Bd4+ 37. Kh2 e5 38. Nb4 Bd7 39. Nc6 Bxc6 40. dxc6 Rf7 41. Rb7 Rxb7 42. cxb7 Rb8 43. Qb4 Qg7 44. Rb3 Qc7 45. Qb5 Bc5 46. a4 Bb6 47. c5 Bxc5 48. a5 Qd6 49. Rc3 Bb4 50. Rc8 Bxa5 51. Qe8 Qg6 1-0

[Event "New Delhi Parsvnath op-C 16th"]
[Site "New Delhi"]
[Date "2018.01.15"]
[Round "8"]
[White "Nagargoje, Dhananjay"]
[Black "Kesavan, G."]
[Result "1/2-1/2"]
[WhiteElo "1488"]
[BlackElo "1426"]
[PlyCount "154"]
[EventDate "2018.01.09"]
[EventType "swiss"]
[EventRounds "10"]
[EventCountry "IND"]
[SourceTitle "CBM 182 Extra"]
[Source "ChessBase"]
[SourceDate "2018.02.23"]
[SourceVersion "1"]
[SourceVersionDate "2018.02.23"]
[SourceQuality "1"]

1. b4 d5 2. Bb2 e6 3. e3 Nf6 4. a3 c5 5. bxc5 Bxc5 6. d4 Bd6 7. Nf3 0-0 8. Nbd2 Nc6 9. c4 a6 10. Be2 dxc4 11. Nxc4 b5 12. Nxd6 Qxd6 13. 0-0 Bb7 14. Qb1 Ne7 15. Ne5 Ng6 16. Bf3 Bxf3 17. Nxf3 Qd5 18. Rc1 Rfc8 19. Bc3 h5 20. Bb4 h4 21. h3 Ne4 22. Qb2 Rc4 23. Nd2 Nxd2 24. Qxd2 e5 25. dxe5 Qxd2 26. Bxd2 Nxe5 27. Rxc4 Nxc4 28. Bb4 a5 29. Be1 Rd8 30. f3 Rd3 31. e4 g5 32. Kf2 Kg7 33. Ke2 Rb3 34. Ra2 Kg6 35. Bd2 f5 36. e5 f4 37. a4 Nxd2 38. Rxd2 bxa4 39. Rd5 a3 40. Rxa5 Rb2+ 41. Kd3 a2 42. Ke4 Re2+ 43. Kd4 Kf5 44. Ra6 Rd2+ 45. Kc3 Rxg2 46. Kd4 Rd2+ 47. Kc3 Re2 48. Kd4 Rd2+ 49. Kc3 Rf2 50. Kd4 a1Q+ 51. Rxa1 Rxf3 52. Re1 Ke6 53. Rg1 Rg3 54. Rh1 Re3 55. Ra1 Rxe5 56. Ra8 Rb5 57. Re8+ Kf7 58. Ra8 Rb4+ 59. Ke5 Rb5+ 60. Ke4 Rb4+ 61. Kf5 Rb5+ 62. Kg4 Ke7 63. Ra6 Kd7 64. Rg6 Ke7 65. Ra6 Rc5 66. Rb6 Ra5 67. Rc6 Rb5 68. Ra6 Rc5 69. Rb6 Ra5 70. Rc6 Ra3 71. Kxg5 Rxh3 72. Kxf4 Ra3 73. Kg4 h3 74. Rh6 Ra1 75. Rxh3 Ra4+ 76. Kf5 Ra5+ 77. Ke4 Ra4+ 1/2-1/2